00961nam a2200241 i 450000100060000000300090000600500170001500700030003200800410003510000250007624500680010126000840016930000280025349000470028159400450032865000390037371000360041271100610044883000520050985200210056199900170058295201200059950769ES-MaACL20250903090056.0t|030806s1946 sp ||||1| spa d1 aCuriel, Luis.94221810aÍndice histórico de disposiciones sociales / cLuis Curiel. aMadrid : bEscuela Social, c1946 (ePalma de Mallorca : fJuan Ordinas Rotger) aXXIX, 795 p. ; c24 cm.1 aCatálogo de disposiciones sociales ; v1 aEn port.: Congreso de Estudios Sociales. 4aDerecho social-zEspaña.91735602 aEscuela Social de Madrid.935932 aCongreso de Estudios Sociales (d1945. cMadrid)917356310aCatálogo de disposiciones socialesv19230144 aES-MaACLjC-3907 c50769d50769 00104070aATENEOMbATENEOMcSPALd2008-01-17eSCl0oC-3907p1053398r2023-02-23 00:00:00w2023-02-23yMONOGRAFIA